Countries with the Largest Stadiums - Statistics

General Stats
  • This quiz has been taken 26 times
  • The average score is 19 of 25
Answer Stats
Capacity Stadium Country % Correct
132,000 Narendra Modi Stadium India
100%
80,012 Guangdong Olympic Stadium China
95%
90,000 Wembley Stadium United Kingdom
95%
100,024 Melbourne Cricket Ground Australia
91%
81,365 Signal Iduna Park Germany
91%
87,532 Estadio Azteca Mexico
91%
78,011 Luzhniki Stadium Russia
91%
99,354 Camp Nou Spain
91%
107,601 Michigan Stadium United States
91%
84,567 Estadio Monumental Argentina
86%
81,338 Stade de ______ France
86%
80,018 San Siro Italy
86%
77,563 Atatürk Olympic Stadium Turkey
86%
82,000 Jakarta International Stadium Indonesia
82%
93,940 Misr Stadium Egypt
73%
80,016 _____ National Stadium Japan
73%
114,000 Rungrado 1st of May Stadium North Korea
73%
92,349 Lusail Stadium Qatar
73%
94,736 FNB Stadium South Africa
73%
80,093 Estadio Monumental Peru
68%
82,300 Croke Park Ireland
64%
87,500 Bukit Jalil National Stadium Malaysia
59%
78,116 Azadi Stadium Iran
50%
80,000 Stade des Martyrs Democratic Republic of the Congo
45%
80,000 Moi International Sports Centre Kenya
27%
No matching quizzes found
Score Distribution
Percent of People with Each Score
Percentile by Number Answered
Your Score History
You have not taken this quiz